| 000 | 00784nam a22002771 4500 | ||
|---|---|---|---|
| 001 | 1233942 | ||
| 003 | OSt | ||
| 005 | 20240321122847.0 | ||
| 008 | 710426s1967 enkak 000 0 eng | ||
| 010 | _a 68082304 | ||
| 015 | _aB67-18587 | ||
| 040 |
_aDLC _cDLC _dDLC |
||
| 050 | 0 | 0 |
_aS562 _b.G758 1967 |
| 082 | 0 | 0 | _a658/.9/31 |
| 100 | 1 | _aSturrock, Ford Gibson. | |
| 245 | 1 | 0 |
_aFarm accounting and management / _cFord Sturrock. |
| 250 | _a5th ed. | ||
| 260 |
_aLondon, _bPitman, _c1967. |
||
| 300 |
_axi, 228 p. _bill. _c23 cm. |
||
| 350 | _a27/6 | ||
| 500 | _aStamped on t.p.: Distributed by Sportshelf, New Rochelle, N.Y. | ||
| 650 | 0 | _aFarm management. | |
| 650 | 0 |
_aAgriculture _xAccounting. |
|
| 906 |
_a7 _bcbc _corignew _du _eopcn _f19 _gy-gencatlg |
||
| 942 |
_2lcc _cBK _n0 |
||
| 999 |
_c15157 _d15157 |
||